| 000 | 00359nam a2200157Ia 4500 | ||
|---|---|---|---|
| 003 | OSt | ||
| 008 | 191201s2012 xx 000 0 und d | ||
| 082 |
_a658.4 _bGOW |
||
| 100 | _aGOPALAKRISHNAN, R | ||
| 245 | 0 | _aWhat the CEO Really Wants From You | |
| 250 | _aRep | ||
| 260 |
_aNew Delhi _bCollins _c2012 |
||
| 300 | _a209 | ||
| 650 | _aMBA | ||
| 942 |
_2ddc _cBK |
||
| 999 |
_c5567 _d5567 |
||